000 01472nam a22002177a 4500
005 20251107140949.0
008 251107b |||||||| |||| 00| 0 eng d
020 _a9781398525689
040 _cAL
041 _aeng
082 _a823.904
_bGRAI
100 _aHannah Grace
_9244691
245 _aIcebreaker
260 _aLondon
_bSimon and Schuster
_c2022
300 _a432p
_bPB
_c20x13cm
365 _2English
_a4241
_b₹399.20
_c
_d499.00
_e20%
_f25-10-2025
520 _aA TikTok sensation! Sparks fly when a competitive figure skater and hockey team captain are forced to share a rink. Anastasia Allen has worked her entire life for a shot at Team USA. It looks like everything is going according to plan when she gets a full scholarship to the University of California, Maple Hills and lands a place on their competitive figure skating team. Nothing will stand in her way, not even the captain of the hockey team, Nate Hawkins. Nate’s focus as team captain is on keeping his team on the ice. Which is tricky when a facilities mishap means they are forced to share a rink with the figure skating team―including Anastasia, who clearly can’t stand him. But when Anastasia’s skating partner faces an uncertain future, she may have to look to Nate to take her shot. Sparks fly, but Anastasia isn’t worried… because she could never like a hockey player, right?
650 _aEnglish Fiction
_9244492
650 _aEnglish Novel
_9244493
942 _2ddc
_cBK
999 _c240682
_d240682